|
|
|
|
| LEADER |
00000nab a2200000uu 4500 |
| 001 |
vtls010913989 |
| 003 |
SK-MaSNL |
| 005 |
20260303212453.0 |
| 008 |
230121|1929 xo |||||||||||||||||slo| |
| 015 |
|
|
|a SNBRB
|
| 035 |
|
|
|a (urnnbn)urn:nbn:sk:snk:ar-a09bb5
|
| 035 |
|
|
|a (uuid)36eb726a-5eaa-473b-849c-bbba4c2ddf30
|
| 035 |
|
|
|a urn:nbn:sk:snk-ab92m0
|
| 040 |
|
|
|a SNKBUCL
|b slo
|c SNKBUCL
|e AACR2
|
| 041 |
0 |
|
|a slo
|
| 044 |
|
|
|a xo
|c SK
|
| 100 |
1 |
|
|a Glos, Ján
|4 aut
|9 11544
|
| 245 |
1 |
0 |
|a PRÍSPEVOK K OTÁZKE ZOŠĽACHŤOVANIA MÚKY
|c J. Glos
|
| 773 |
0 |
|
|t Hospodárske rozhľady : časopis Obchodnej a priemyselnej komory v Bratislave
|g Roč. 4, č. 5 (1929), s. 247-254
|
| 954 |
|
|
|a odborná, vedecká literatúra pôvodná (slovenská)
|2 lita
|
| 958 |
|
|
|a OND
|
| 958 |
|
|
|a EUIPO
|
| 958 |
|
|
|a article10
|
| 999 |
|
|
|c 2207513
|d 2209443
|